An introduction to relation database management system / (Record no. 41354)
[ view plain ]
| 000 -LEADER | |
|---|---|
| fixed length control field | 00710nam a22001937a 4500 |
| 005 - DATE AND TIME OF LATEST TRANSACTION | |
| control field | 20100812135730.0 |
| 010 ## - LCCN (DPL NO) | |
| LC control number | ENG-100084 |
| 020 ## - INTERNATIONAL STANDARD BOOK NUMBER | |
| International Standard Book Number | 9788190775786 |
| Terms of availability | 160.00 |
| 035 ## - SYSTEM CONTROL NUMBER | |
| System control number | EN-83616 |
| 037 ## - SOURCE OF ACQUISITION | |
| Source of stock number/acquisition | DBAD/PUB |
| 082 ## - DEWEY DECIMAL CLASSIFICATION NUMBER | |
| Classification number | 005.256 |
| 100 ## - MAIN ENTRY--PERSONAL NAME | |
| Personal name | Chinnusamy, M. |
| 245 ## - TITLE STATEMENT | |
| Title | An introduction to relation database management system / |
| Statement of responsibility, etc | by M. Chinnusamy |
| 260 ## - PUBLICATION, DISTRIBUTION, ETC. (IMPRINT) | |
| Place of publication, distribution, etc | Chennai |
| Name of publisher, distributor, etc | Pranav Publication |
| Date of publication, distribution, etc | 2008 |
| 270 ## - ADDRESS | |
| Address | # 9, 5th Street, Thailambigai Nagar |
| City | Chennai |
| Postal code | 637211 |
| 300 ## - PHYSICAL DESCRIPTION | |
| Extent | 238p. |
| Dimensions | 19cm (pbk) |
| 942 ## - ADDED ENTRY ELEMENTS (KOHA) | |
| Source of classification or shelving scheme | Dewey Decimal Classification |
| Item type | English Books |
| Classification part | 005.256 |
| Call number suffix | CHI |
| Withdrawn status | Lost status | Not for loan | Collection code | Home library | Current library | Date acquired | Source of acquisition | Cost, normal purchase price | Full call number | Barcode | Copy number | Cost, replacement price | Koha item type |
|---|---|---|---|---|---|---|---|---|---|---|---|---|---|
| Not For Loan | Non-fiction | D.B.Act.Division | D.B.Act.Division | 12/08/2010 | DBAD/PUB | 160.00 | 005.256 CHI | EN-83616 | 1 | 160.00 | English Books |
